Statistiques concernant Pays qui battent Nauru

Cliquez ici pour prendre le quiz!

Statistiques générales

  • Ce quiz a été pris 1 108 fois
    (944 depuis la dernière actualisation)
  • Le résultat moyen est 8 sur 16

Statistiques - réponses

RangsCategoriesPays% Correct
3Le moins peupléVatican | Tuvalu
93%
9 ex-æquoNom le plus courtCuba | Inde | Irak | Iran | Laos | Mali | Oman | Togo
88%
3Capitale comportant le moins de lettres d'OcéanieSamoa | Fidji
61%
3Le plus petitVatican | Monaco
60%
7Le plus éloigné de la FranceNouvelle Zélande | Salomon | Kiribati | Tonga | Samoa | Vanuatu | Tuvalu
57%
5Le plus proche de TuvaluFidji | Kiribati | Tonga | Samoa
56%
2Commençant par N le plus proche du début de l'alphabetNamibie
56%
6Capitale la moins devinée sur Jetpunk au quiz Capitales du mondePalaos | Salomon | Iles Marshall | Kiribati | Tonga
49%
2Le moins deviné sur Jetpunk au quiz Pays du mondePalaos
48%
8Le moins de parlementairesMicronésie | Tuvalu | Grenade | Saint-Kitts-et-Nevis | Palaos | Sainte-Lucie | Antigua et Barbuda
43%
6 ex-æquoPays avec le pourcentage le plus important d'une lettre dans son nomCanada | Kosovo | Panama | Suisse | Togo
41%
3Drapeau avec le plus de bleuMicronésie | Kazakhstan
35%
4Le moins d'importationsIles Marshall | Tuvalu | Sao Tomé-et-Principe
30%
2Le plus pauvre (PIB le moins élevé)Tuvalu
26%
2Taux d'obésité le plus élevéPalaos
24%
2Consommation de carburant par habitant la plus importanteSingapour
5%

Distribution des résultats

Percentile par nombre de réponses

% des personnes avec chaque résultat

Votre développement - résultats

Vous n’avez pas pris ce quiz depuis la dernière actualisation